[Event "Titled Tuesday intern op 18th Jun Late"]
[Site "Chess.com INT"]
[Date "2024.06.18"]
[Round "8"]
[White "Luong, Phuong Hanh"]
[Black "Egorov, Evgeni"]
[Result "1-0"]
[WhiteElo "2160"]
[BlackElo "2261"]
[PlyCount "55"]
[EventDate "2024.06.18"]
[EventType "swiss (blitz)"]
[EventRounds "11"]
[EventCountry "USA"]
[SourceTitle "EXT 2025"]
[Source "ChessBase"]
[SourceDate "2024.10.14"]
[SourceVersion "1"]
[SourceVersionDate "2024.10.14"]
[SourceQuality "1"]

1. d4 d5 2. c4 Nc6 3. e3 dxc4 4. Bxc4 e5 5. Nf3 exd4 6. exd4 Bd6 7. 0-0 Nf6 8. Re1+ Be7 9. d5 Nb8 10. Qe2 Kf8 11. Nc3 Bg4 12. Bg5 Nbd7 13. h3 Bh5 14. Qe3 Nb6 15. Bb3 Qd6 16. Nb5 Qd7 17. Rac1 Bxf3 18. Rxc7 Qd8 19. Qxe7+ Qxe7 20. Rexe7 Bh5 21. Bxf6 gxf6 22. d6 Kg7 23. Bxf7 Bxf7 24. Rxf7+ Kg6 25. Rg7+ Kf5 26. Rce7 Rad8 27. Nd4+ Kf4 28. g3# 1-0

[Event "Titled Tuesday intern op 11th Jun Late"]
[Site "Chess.com INT"]
[Date "2024.06.11"]
[Round "4"]
[White "Egorov, Evgeni"]
[Black "Bardyk, Artem"]
[Result "0-1"]
[WhiteElo "2261"]
[BlackElo "2268"]
[PlyCount "56"]
[EventDate "2024.06.11"]
[EventType "swiss (blitz)"]
[EventRounds "11"]
[EventCountry "USA"]
[SourceTitle "EXT 2025"]
[Source "ChessBase"]
[SourceDate "2024.10.14"]
[SourceVersion "1"]
[SourceVersionDate "2024.10.14"]
[SourceQuality "1"]

1. e4 d5 2. Nc3 dxe4 3. Nxe4 Qd5 4. Qf3 Nc6 5. Ne2 f5 6. N2c3 Qe5 7. Bc4 Nf6 8. d3 fxe4 9. dxe4 Bg4 10. Qe3 0-0-0 11. f3 Bh5 12. g4 Bg6 13. g5 Nh5 14. f4 Qd4 15. Bd3 Qxe3+ 16. Bxe3 e6 17. 0-0-0 Bd6 18. f5 exf5 19. exf5 Bf7 20. Ne4 Bf4 21. Rde1 Bxe3+ 22. Rxe3 Nf4 23. Bb5 Nd4 24. Ba4 b5 25. Bb3 Bxb3 26. axb3 Rhe8 27. Rf1 Ng2 28. Rg3 Ne2+ 0-1

[Event "Titled Tuesday intern op 11th Jun Late"]
[Site "Chess.com INT"]
[Date "2024.06.11"]
[Round "9"]
[White "Sjugirov, Sanan"]
[Black "Egorov, Evgeni"]
[Result "1-0"]
[WhiteElo "2661"]
[BlackElo "2261"]
[PlyCount "65"]
[EventDate "2024.06.11"]
[EventType "swiss (blitz)"]
[EventRounds "11"]
[EventCountry "USA"]
[SourceTitle "EXT 2025"]
[Source "ChessBase"]
[SourceDate "2024.10.14"]
[SourceVersion "1"]
[SourceVersionDate "2024.10.14"]
[SourceQuality "1"]

1. d4 d5 2. Nf3 Nc6 3. Bf4 Bg4 4. e3 e6 5. Nbd2 Bd6 6. Bg3 Nf6 7. Bb5 0-0 8. Bxc6 bxc6 9. c4 c5 10. dxc5 Bxc5 11. cxd5 exd5 12. 0-0 Ne4 13. Qc2 Nxd2 14. Nxd2 Bb6 15. Nb3 a5 16. Rac1 a4 17. Nc5 Qe8 18. h3 Bh5 19. Qf5 Be2 20. Rfe1 Bxc5 21. Rxe2 Qb5 22. Rd2 c6 23. Rdc2 Ba7 24. Be5 f6 25. Bd6 Rfc8 26. Qd7 d4 27. exd4 Bxd4 28. Ba3 Be5 29. Rxc6 Rxc6 30. Rxc6 Qe2 31. Qe6+ Kh8 32. Rc8+ Rxc8 33. Qxc8# 1-0